000 00301nam a2200121Ia 4500
008 220204s9999 xx 000 0 und d
082 _a681.31 OFF
_bJON
100 _aJones, Edward
245 0 _aOffice 97 bible
260 _aNew Delhi
_bComdex Computer
_c1997
700 _aSutton, Derek
942 _cBK
999 _c41665
_d41665